=LDR 00000nam 2200000 4500 =001 INLIS000000000028731 =005 20130612131021 =008 ***********************************Ind** =035 ##$$0010-061300000028731 =041 ##$$a Ind =082 ##$$a 370.115 =090 ##$$a 370.115, Fre p =100 ##$$a Freire, Paulo =245 ##$$a Pendidikan pembebasan perubahan sosial, Paulo Freire; diterjemahkan Mien Jubhaar =260 ##$$a 1984 $b Jakarta =300 ##$$a xxxii, 164 hlm, 22 cm =650 ##$$a Pendidikan =850 ##$$a NBPNMAT